000 00569cam a22002053a 4500
001 37569
003 PGUSA
005 20140828083826.0
008 110929s2011||||xxu|||||s|||||000 | eng d
040 _aPGUSA
_beng
042 _adc
100 1 _aKarr, Alphonse,
_d1809-1890
245 1 0 _aLa Maison de l'Ogre
_h[electronic resource] /
_cAlphonse Karr
260 _bProject Gutenberg,
_c2011
506 _aPublic domain in the USA.
516 _aElectronic text
830 0 _aProject Gutenberg
_v37569
856 4 0 _uhttp://www.gutenberg.org/ebooks/37569
942 _cEB
999 _c266823
_d266823